Online
Catalog

Investigación sobre la Virtud o el Mérito. / (Record no. 40989)

MARC details
000 -CABECERA
campo de control de longitud fija 00893nam a2200241 a 4500
001 - NÚMERO DE CONTROL
campo de control 000041499
005 - FECHA Y HORA DE LA ÚLTIMA TRANSACCIÓN
campo de control 20201002034938.0
008 - DATOS DE LONGITUD FIJA--INFORMACIÓN GENERAL
campo de control de longitud fija 131008s1997 sp 001 0 spa d
020 ## - NÚMERO INTERNACIONAL ESTÁNDAR DEL LIBRO
Número Internacional Estándar del Libro 8400076893
040 ## - FUENTE DE LA CATALOGACIÓN
Centro catalogador/agencia de origen DO-SdBNP
Lengua de catalogación spa
Centro/agencia transcriptor BNPHU
082 ## - NÚMERO DE LA CLASIFICACIÓN DECIMAL DEWEY
Número de clasificación xxxx
Número de documento/Ítem xxx
100 1# - ENTRADA PRINCIPAL--NOMBRE DE PERSONA
Nombre de persona Shaftesbury, Anthony Ashley Coper,
Fechas asociadas al nombre 1671-1713
9 (RLIN) 68200
245 10 - MENCIÓN DE TÍTULO
Título Investigación sobre la Virtud o el Mérito. /
Mención de responsabilidad, etc. Shaftesbury; estudio introductorio, traducción y notas de Agustín Andreu.
260 ## - PUBLICACIÓN, DISTRIBUCIÓN, ETC.
Lugar de publicación, distribución, etc. Madrid, :
Nombre del editor, distribuidor, etc. Consejo Superior de Investigaciones Científicas,
Fecha de publicación, distribución, etc. 1997.
300 ## - DESCRIPCIÓN FÍSICA
Extensión XCVI, 126 p. ;
Dimensiones 25 cm.
490 1# - MENCIÓN DE SERIE
Mención de serie Clásicos del pensamiento
500 ## - NOTA GENERAL
Nota general Incluye notas al pie de página
500 ## - NOTA GENERAL
Nota general Incluye índice de materias
500 ## - NOTA GENERAL
Nota general Incluye índice de autores
504 ## - NOTA DE BIBLIOGRAFÍA, ETC.
Nota de bibliografía, etc. Bibliografía p: XV-XX
700 1# - PUNTO DE ACCESO ADICIONAL--NOMBRE DE PERSONA
Nombre de persona Andreu, Agustín
Término indicativo de función/relación trad.
9 (RLIN) 68201
830 #0 - PUNTO DE ACCESO ADICIONAL DE SERIE-TÍTULO UNIFORME
Título uniforme Clásicos del pensamiento
9 (RLIN) 14896
Holdings
Estado de retiro Estado de pérdida Restricciones de uso No para préstamo Código de colección Localización permanente Ubicación/localización actual Ubicación en estantería Fecha de adquisición Número de inventario Total de préstamos Signatura topográfica completa Código de barras Fecha visto por última vez Precio válido a partir de Tipo de ítem Koha
      Excluido de préstamo Monografías: Libros y Folletos General General En catalogación 08.10.2013 LF1   xxxx xxx 41499-10 25.06.2020 25.06.2020 No se presta

Powered by Koha